000 01332nam a2200289 a 4500
001 000003724
005 20260212122153.0
008 090713s2004 dr a 000 0 spa d
020 _z9993432015
040 _aDO-SdBNP
_bspa
_cBNPHU
082 _a306.85
_bL318f
100 1 _aLara, Evelyn Soraya
_911337
245 1 0 _aFamilia, crisis y cambio /
_cEvelyn Soraya Lara ; prólogo Zelided Alma de Ruiz.
260 _aSanto Domingo :
_bLetra Gráfica,
_c2004.
300 _a108 p. :
_bil. ;
_c21 cm.
505 0 _aLa pareja ideal -- La relación de pareja 20 Matrimonio por compromiso -- Amar o morir : la vida de pareja -- Hasta que la inteligencia nos separe -- La no comunicación en la pareja -- Violencia marital -- ¿Juntos hasta cuándo? -- Familia, crisis y cambio -- Identidad alcohólica -- Cuidar su si mismo -- La niña que no quiso crecer -- El dar espontáneo -- Madres solteras -- Cuando las madres trabajan -- La autoestima del bisturí.
590 _aInventariado,2018/DG
650 0 _aFamilias
_9795
650 0 _aMatrimonio
_9797
650 4 _aHogar
_92126
650 4 _aVida familiar
_911338
650 0 _aSociología
_91061
650 4 _aEducacion para la vida familiar
_92729
650 0 _aRelaciones familiares
_9801
700 1 2 _aRuiz, Zelided Alma de,
_epról.
_911339
910 _aJornada de catalogación
999 _c3546
_d3546